000 00585cam a22002053a 4500
001 44220
003 PGUSA
005 20140828084017.0
008 131118s2013||||xxu|||||s|||||000 | eng d
040 _aPGUSA
_beng
042 _adc
100 1 _aButler, Ellis Parker,
_d1869-1937
245 1 0 _aDominie Dean :
_bA Novel
_h[electronic resource] /
_cEllis Parker Butler
260 _bProject Gutenberg,
_c2013
506 _aPublic domain in the USA.
516 _aElectronic text
830 0 _aProject Gutenberg
_v44220
856 4 0 _uhttp://www.gutenberg.org/ebooks/44220
942 _cEB
999 _c273471
_d273471